| 000 | 00504nam a2200193 a 4500 | ||
|---|---|---|---|
| 001 | 1760597274834 | ||
| 003 | YourLibrary | ||
| 005 | 20251016121924.0 | ||
| 008 | 251016s1987##################000#0#eng## | ||
| 020 | _a9780521329316 | ||
| 082 | 0 | 4 |
_a581.10428 _bGRE |
| 100 | 1 |
_aGregory, P. J., _eauthor. |
|
| 245 | 1 | 0 | _aSEBS 30 Root Development and Function : |
| 260 |
_bCUP Archive, _c1987. |
||
| 300 | _a234 pages | ||
| 650 | 0 | _aMedical. | |
| 942 | _cENGLISH | ||
| 040 |
_aYourLibrary _beng _cYourLibrary |
||
| 999 |
_c591892 _d591892 |
||